Integrated watershed Management: (Record no. 13606)

MARC details
000 -LEADER
fixed length control field 00497nam a22001817a 4500
003 - CONTROL NUMBER IDENTIFIER
control field OSt
005 - DATE AND TIME OF LATEST TRANSACTION
control field 20211020095628.0
008 - FIXED-LENGTH DATA ELEMENTS--GENERAL INFORMATION
fixed length control field 211020b |||||||| |||| 00| 0 eng d
020 ## - INTERNATIONAL STANDARD BOOK NUMBER
International Standard Book Number 9780470376256
040 ## - CATALOGING SOURCE
Transcribing agency hu
082 ## - DEWEY DECIMAL CLASSIFICATION NUMBER
Classification number 333.9115
100 ## - MAIN ENTRY--PERSONAL NAME
Personal name Isobel W. Heathcote
9 (RLIN) 14469
245 ## - TITLE STATEMENT
Title Integrated watershed Management:
Remainder of title Principles and practice .
250 ## - EDITION STATEMENT
Edition statement 2nd ed.
260 ## - PUBLICATION, DISTRIBUTION, ETC.
Place of publication, distribution, etc. New jersey
Name of publisher, distributor, etc. John Wiley & Sons INC .
Date of publication, distribution, etc. 2009
300 ## - PHYSICAL DESCRIPTION
Extent X,453P
Other physical details HC
Dimensions 25 CM
942 ## - ADDED ENTRY ELEMENTS (KOHA)
Source of classification or shelving scheme Dewey Decimal Classification
Koha item type Books like text book referance book
Suppress in OPAC No

No items available.